000
00249nam a2200109Ia 4500
008
220204s9999 xx 000 0 und d
082
_a
82-3
_b
WOO
100
_a
Wood, Bari
245
4
_a
The Killing gift
260
_a
New York
_b
Nal
_c
1977
942
_c
BK
999
_c
33480
_d
33480